[Event "V Floripa Chess Open 2019"]
[Site "Florianopolis/SC"]
[Date "2019.01.26"]
[Round "9.20"]
[White "Maia, Jose Eduardo Bastos"]
[Black "Goncalves, Davi Sulzbacher"]
[Result "1-0"]
[WhiteElo "2087"]
[BlackElo "2313"]
[PlyCount "71"]
[EventDate "2019.01.21"]
[EventRounds "10"]
[EventCountry "BRA"]

1. d4 Nf6 2. Nf3 g6 3. c4 Bg7 4. Nc3 d5 5. cxd5 Nxd5 6. Bd2 O-O 7. e4 Nb6 8. Be2 Bg4 9. Be3 Bxf3 10. gxf3 e5 11. dxe5 Qxd1+ 12. Rxd1 Bxe5 13. h4 Nc6 14. f4 Bg7 15. e5 Rfd8 16. Nb5 Rxd1+ 17. Bxd1 Nd5 18. Bf3 Nce7 19. O-O a6 20. Nc3 Nxe3 21. fxe3 Nf5 22. Rd1 c6 23. Rd7 Rb8 24. Bd1 Bf8 25. Bb3 Bc5 26. Rxf7 Nxe3 27. Kh2 Kh8 28. Ne4 Ng4+ 29. Kg2 Nh6 30. Rd7 Bf8 31. Ng5 Bg7 32. e6 Nf5 33. Nf7+ Kg8 34. e7 Ne3+ 35. Kf3 Nd5 36. Nd8 1-0

[Event "V Floripa Chess Open 2019"]
[Site "Florianopolis/SC"]
[Date "2019.01.26"]
[Round "9.21"]
[White "Soares, Joao Carlos T. C."]
[Black "Aranha Filho, Alvaro Z."]
[Result "0-1"]
[WhiteElo "2077"]
[BlackElo "2294"]
[PlyCount "108"]
[EventDate "2019.01.21"]
[EventRounds "10"]
[EventCountry "BRA"]

1. e4 c5 2. Nf3 Nc6 3. d4 cxd4 4. Nxd4 Nf6 5. Nc3 e5 6. Ndb5 d6 7. Bg5 a6 8. Na3 b5 9. Nd5 Be7 10. Bxf6 Bxf6 11. c4 Bg5 12. Nc2 O-O 13. Be2 bxc4 14. O-O Kh8 15. Bxc4 f5 16. exf5 Bxf5 17. Nce3 Bg6 18. f3 Qb8 19. b3 Qa7 20. Qe1 Nd4 21. Kh1 a5 22. Rc1 Nf5 23. Rc3 Rac8 24. Nxf5 Bxf5 25. Bd3 Rxc3 26. Qxc3 Rc8 27. Bc4 Qc5 28. Rd1 a4 29. Qb4 Bc2 30. Qxc5 Rxc5 31. Re1 g6 32. g3 Kg7 33. h4 Bd8 34. Rc1 axb3 35. Bxb3 Be4 36. Rxc5 Bxf3+ 37. Kg1 dxc5 38. Kf2 Bg4 39. a4 Bf5 40. Bc4 Ba5 41. Bb5 Be6 42. Ne3 Kf6 43. Nc4 Bxc4 44. Bxc4 e4 45. g4 h6 46. h5 g5 47. Bb3 Bc3 48. Bc2 Ke5 49. a5 Bd4+ 50. Kg3 c4 51. a6 Ba7 52. Kg2 Kf4 53. Bd1 Ke3 54. Kf1 Kd2 0-1

[Event "V Floripa Chess Open 2019"]
[Site "Florianopolis/SC"]
[Date "2019.01.26"]
[Round "9.22"]
[White "Campos, Alexandre Ferreira"]
[Black "Villalba, Marcelo"]
[Result "0-1"]
[WhiteElo "2073"]
[BlackElo "2276"]
[PlyCount "150"]
[EventDate "2019.01.21"]
[EventRounds "10"]
[EventCountry "BRA"]

1. g3 Nf6 2. c4 g6 3. b3 Bg7 4. Bb2 O-O 5. Bg2 c5 6. Nh3 d6 7. O-O Nc6 8. Nc3 Bd7 9. f4 Rb8 10. Nf2 a6 11. a4 Ne8 12. Rb1 Nc7 13. e3 b5 14. axb5 axb5 15. Nxb5 Nxb5 16. Bxg7 Kxg7 17. cxb5 Rxb5 18. d4 cxd4 19. Bxc6 Bxc6 20. Qxd4+ Kg8 21. b4 Qb6 22. Qxb6 Rxb6 23. Rfc1 Rfb8 24. Rc4 Bb5 25. Rc7 Kf8 26. g4 h6 27. Rb2 Ba6 28. Ra2 Bc8 29. Ra5 Ke8 30. Raa7 Bb7 31. Nd3 Kd8 32. Rc4 Ba6 33. Rcc7 Bb7 34. Rc4 Ra6 35. Rxa6 Bxa6 36. Rd4 Bxd3 37. Rxd3 Rxb4 38. Kf2 Kd7 39. h3 Ke6 40. Ra3 Rb7 41. Ra8 Kf6 42. Rh8 Kg7 43. Ra8 Rb5 44. Ra7 e6 45. Rd7 d5 46. h4 Rb4 47. Kf3 Rb1 48. Ra7 Rh1 49. Kg3 Rg1+ 50. Kf3 h5 51. gxh5 gxh5 52. Ra2 Rg4 53. Rh2 Kf6 54. Rh1 Kf5 55. Rh2 Rg1 56. Ra2 Rh1 57. Rg2 f6 58. Rg8 Rxh4 59. Rh8 Rh3+ 60. Kf2 Ke4 61. Rh6 Kf5 62. Rh8 d4 63. exd4 Kxf4 64. Rh6 Kf5 65. Kg2 Kg5 66. Rh7 Rd3 67. Rd7 Kf5 68. Kf2 e5 69. d5 h4 70. Kg2 Rg3+ 71. Kf2 Rd3 72. Kg2 Rd4 73. Kh3 e4 74. Kxh4 e3+ 75. Kg3 Ke4 0-1

[Event "V Floripa Chess Open 2019"]
[Site "Florianopolis/SC"]
[Date "2019.01.26"]
[Round "9.23"]
[White "Jodorcovsky Werjivker, Paulo"]
[Black "Ichimura G. Barbosa, Larissa Y."]
[Result "1-0"]
[WhiteElo "2259"]
[BlackElo "1967"]
[PlyCount "69"]
[EventDate "2019.01.21"]
[EventRounds "10"]
[EventCountry "BRA"]

1. d4 Nf6 2. Nf3 g6 3. e3 Bg7 4. c4 O-O 5. Be2 c5 6. d5 d6 7. Nc3 e6 8. O-O exd5 9. cxd5 a6 10. a4 b6 11. Nd2 Bb7 12. e4 Re8 13. Re1 Qc7 14. Bf1 Nbd7 15. Nc4 Rab8 16. Bf4 Ne5 17. Nxe5 dxe5 18. Be3 Rbd8 19. Rc1 Qd6 20. f3 Nh5 21. Nb1 f5 22. a5 Rc8 23. axb6 Bf8 24. Qb3 f4 25. Bf2 g5 26. Nd2 Kh8 27. Nc4 Qg6 28. Na5 Qg7 29. Qa4 g4 30. fxg4 Nf6 31. Nxb7 Qxb7 32. Bxa6 Qxb6 33. Bxc8 Rxc8 34. g5 Ng4 35. Qd7 1-0

[Event "V Floripa Chess Open 2019"]
[Site "Florianopolis/SC"]
[Date "2019.01.26"]
[Round "9.24"]
[White "Cantero, Rodolfo"]
[Black "Matsuura, Frederico"]
[Result "1/2-1/2"]
[WhiteElo "2055"]
[BlackElo "2248"]
[PlyCount "115"]
[EventDate "2019.01.21"]
[EventRounds "10"]
[EventCountry "BRA"]

1. e4 e6 2. d3 d5 3. Nd2 Nf6 4. g3 Bc5 5. Bg2 Nc6 6. Ngf3 O-O 7. O-O dxe4 8. dxe4 e5 9. c3 a5 10. Qc2 Be6 11. Nh4 Qd7 12. Nb3 Bb6 13. Rd1 Qc8 14. Nf5 Ng4 15. Be3 Bxe3 16. Nxe3 Nxe3 17. fxe3 b6 18. Nd2 Rd8 19. Nf3 Rxd1+ 20. Rxd1 Qf8 21. a3 Qc5 22. Qf2 Rd8 23. Rxd8+ Nxd8 24. Qd2 Qd6 25. Qxd6 cxd6 26. Kf2 f6 27. Nd2 Kf7 28. Ke2 Ke7 29. Kd3 Kd7 30. c4 Bg4 31. b4 Nc6 32. Kc3 Kc7 33. Bf3 Bh3 34. Nb3 axb4+ 35. axb4 Nd8 36. c5 bxc5 37. bxc5 Kc6 38. cxd6 Kxd6 39. Nd2 Ne6 40. Kd3 Ng5 41. Bd1 Bd7 42. Bb3 Bb5+ 43. Bc4 Kc5 44. Bxb5 Kxb5 45. h4 Ne6 46. g4 Kb4 47. Kc2 Nc5 48. g5 fxg5 49. hxg5 Ne6 50. g6 h6 51. Nf3 Nf8 52. Nxe5 Kc5 53. Kd3 h5 54. Ke2 Kd6 55. Nd3 h4 56. Nf4 Ke5 57. Kf3 h3 58. Nxh3 1/2-1/2

[Event "V Floripa Chess Open 2019"]
[Site "Florianopolis/SC"]
[Date "2019.01.26"]
[Round "9.25"]
[White "De Borba, Gabriel"]
[Black "Miguel, Gabriel Carvalho Mo"]
[Result "0-1"]
[WhiteElo "2030"]
[BlackElo "2246"]
[PlyCount "76"]
[EventDate "2019.01.21"]
[EventRounds "10"]
[EventCountry "BRA"]

1. e4 c5 2. Nf3 e6 3. d4 cxd4 4. Nxd4 a6 5. Nc3 Qc7 6. Bd3 Nc6 7. Nb3 b5 8. f4 Bb7 9. Qe2 d6 10. O-O Nf6 11. a3 Be7 12. Kh1 O-O 13. Bd2 Rfe8 14. Rae1 b4 15. Nd1 d5 16. e5 Ne4 17. Bxe4 dxe4 18. axb4 Nxb4 19. Bxb4 Bxb4 20. c3 Be7 21. Nd2 a5 22. Nxe4 Ba6 23. Qg4 Bxf1 24. Nf6+ Bxf6 25. exf6 Bxg2+ 26. Kxg2 g6 27. Qh4 Qc6+ 28. Kg3 h5 29. Re5 Red8 30. Nf2 Rd5 31. Qg5 Qd6 32. c4 Rxe5 33. fxe5 Qd4 34. Kg2 Kh7 35. b3 a4 36. bxa4 Rxa4 37. Qg3 Rxc4 38. Qg5 Rc5 0-1

[Event "V Floripa Chess Open 2019"]
[Site "Florianopolis/SC"]
[Date "2019.01.26"]
[Round "9.26"]
[White "Pereira, Geanfrancesco"]
[Black "Cruz, William Ferreira Da"]
[Result "1/2-1/2"]
[WhiteElo "2028"]
[BlackElo "2232"]
[PlyCount "73"]
[EventDate "2019.01.21"]
[EventRounds "10"]
[EventCountry "BRA"]

1. d4 Nf6 2. Nc3 e6 3. Nf3 d5 4. Bf4 a6 5. e3 c5 6. Ne5 Nc6 7. Be2 cxd4 8. exd4 Qb6 9. Nxc6 Qxc6 10. O-O Bd6 11. Bxd6 Qxd6 12. a4 b6 13. Re1 O-O 14. a5 b5 15. Na2 b4 16. Nc1 Bd7 17. Nb3 Rfb8 18. Bf3 Bb5 19. Nc5 Nd7 20. Nxd7 Bxd7 21. Qd2 Ra7 22. Re5 Rc7 23. Rg5 Rbc8 24. Bd1 f6 25. Rh5 Be8 26. Rh3 Bg6 27. c3 bxc3 28. bxc3 Rb8 29. Re3 Rcb7 30. Bg4 e5 31. dxe5 fxe5 32. Bf3 Rb5 33. Rd1 d4 34. cxd4 Qxd4 35. Qa2+ Bf7 36. Qa3 Qc5 37. Be2 1/2-1/2

[Event "V Floripa Chess Open 2019"]
[Site "Florianopolis/SC"]
[Date "2019.01.26"]
[Round "9.28"]
[White "Viana, Dirceu"]
[Black "Riline, Alejandro"]
[Result "1/2-1/2"]
[WhiteElo "2173"]
[BlackElo "2107"]
[PlyCount "181"]
[EventDate "2019.01.21"]
[EventRounds "10"]
[EventCountry "BRA"]

1. e4 Nf6 2. Nc3 d5 3. exd5 Nxd5 4. Nge2 c6 5. g3 Bg4 6. Bg2 Nxc3 7. bxc3 e5 8. h3 Bh5 9. Rb1 Qc7 10. O-O Bd6 11. d3 O-O 12. g4 Bg6 13. f4 f6 14. f5 Bf7 15. c4 Nd7 16. Ng3 Rab8 17. a4 Nc5 18. Ra1 Rbd8 19. Qe1 Rfe8 20. Ne4 Nxe4 21. Bxe4 h6 22. Be3 b6 23. Qf2 Bb4 24. Qg2 Rc8 25. Kh1 Bc3 26. Rab1 Bd4 27. Bd2 Red8 28. h4 Kf8 29. Bb4+ Ke8 30. Rf3 Kd7 31. Rff1 Bc5 32. Bd2 Rb8 33. Qf3 Qd6 34. Bc3 a5 35. Be1 Kc7 36. Kg2 Rh8 37. Rh1 Be8 38. Bd2 Bd7 39. Kf1 Rbf8 40. Ke2 Bd4 41. c3 Bc5 42. Rbf1 Kb7 43. Rb1 Ka7 44. Rb3 Rd8 45. Rhb1 Be8 46. Be3 Rb8 47. Bxc5 Qxc5 48. Qe3 Qxe3+ 49. Kxe3 c5 50. Ra3 h5 51. g5 fxg5 52. hxg5 Bd7 53. Ra2 h4 54. Rh1 Rh5 55. Rf2 Rxg5 56. Rxh4 Rf8 57. Rh7 Rf6 58. Rg2 Rxg2 59. Bxg2 Bxf5 60. Rxg7+ Kb8 61. Re7 Rd6 62. Bd5 Bd7 63. Ke4 Bxa4 64. Kxe5 Rh6 65. d4 cxd4 66. cxd4 Bb3 67. Rb7+ Kc8 68. Ra7 a4 69. Bf3 Bxc4 70. Rxa4 b5 71. Rb4 Kc7 72. Rb1 Re6+ 73. Kf5 Kb6 74. d5 Re8 75. d6 Rf8+ 76. Ke5 Rd8 77. Rd1 Kc5 78. d7 b4 79. Bb7 b3 80. Bc8 Be6 81. Rd2 Kb4 82. Rd6 Bf5 83. Rb6+ Ka4 84. Kd4 Bxd7 85. Bxd7+ Rxd7+ 86. Kc3 Rc7+ 87. Kb2 Rc2+ 88. Kb1 Rh2 89. Rb8 Ka3 90. Ra8+ Kb4 91. Rb8+ 1/2-1/2

[Event "V Floripa Chess Open 2019"]
[Site "Florianopolis/SC"]
[Date "2019.01.26"]
[Round "9.29"]
[White "Acosta, Pablo Alejandro"]
[Black "Zampronha, Wladimir Camilo"]
[Result "0-1"]
[WhiteElo "1981"]
[BlackElo "2171"]
[PlyCount "140"]
[EventDate "2019.01.21"]
[EventRounds "10"]
[EventCountry "BRA"]

1. e4 c5 2. Nf3 e6 3. c3 Nf6 4. e5 Nd5 5. d4 cxd4 6. cxd4 d6 7. a3 Bd7 8. Bd3 Bc6 9. O-O Nd7 10. Bd2 dxe5 11. dxe5 Be7 12. Nc3 Nxc3 13. Bxc3 O-O 14. Nd4 Nxe5 15. Nxc6 Nxc6 16. Qe2 Bf6 17. Rad1 Qe7 18. Bd2 Rfd8 19. b4 g6 20. Be4 Nd4 21. Qe3 Rd7 22. Bc3 Rad8 23. Bxb7 Nf5 24. Bxf6 Rxd1 25. Bxe7 Rxf1+ 26. Kxf1 Nxe3+ 27. fxe3 Rd7 28. Bc5 Rxb7 29. Ke2 f6 30. Kd3 Kf7 31. Kc4 Ke8 32. b5 Kd7 33. Kb4 a6 34. a4 axb5 35. axb5 Kc8 36. b6 Rd7 37. h4 Kb7 38. g3 Rd1 39. Be7 Kxb6 40. Bxf6 Rc1 41. Bc3 Rg1 42. Be5 Kc6 43. Kc4 Rd1 44. Bf4 Ra1 45. Kd4 Ra6 46. Ke4 Kd7 47. Be5 Ke7 48. Kf4 Kf7 49. g4 h6 50. Bc3 Ra2 51. g5 h5 52. Be1 Ra1 53. Bg3 Ra2 54. Be1 Re2 55. Bg3 Rc2 56. Be1 Rc5 57. Ke4 e5 58. Kf3 Ke6 59. Ke4 Rc4+ 60. Kf3 Kf5 61. Bf2 Rg4 62. Bg3 Rb4 63. Be1 Rb3 64. Bf2 Rb1 65. Bg3 e4+ 66. Kg2 Kg4 67. Bf4 Rb2+ 68. Kh1 Kxh4 69. Kg1 Kg4 70. Kh1 Rb5 0-1

[Event "V Floripa Chess Open 2019"]
[Site "Florianopolis/SC"]
[Date "2019.01.26"]
[Round "9.30"]
[White "Madeira, Wagner Martins"]
[Black "Takano, Nicholas Ryo"]
[Result "1/2-1/2"]
[WhiteElo "2170"]
[BlackElo "1954"]
[PlyCount "68"]
[EventDate "2019.01.21"]
[EventRounds "10"]
[EventCountry "BRA"]

1. e4 c5 2. c3 Nf6 3. e5 Nd5 4. d4 cxd4 5. cxd4 Nc6 6. Nf3 e6 7. Bd2 d6 8. Nc3 dxe5 9. dxe5 Bc5 10. Bc4 Nxc3 11. Bxc3 O-O 12. O-O a6 13. Qe2 b5 14. Rfd1 Qe7 15. Bd3 Bb7 16. Qe4 g6 17. Qf4 Nb4 18. Bxb4 Bxb4 19. Ng5 Rfd8 20. Be4 Rxd1+ 21. Rxd1 Bxe4 22. Nxe4 Rd8 23. Rxd8+ Qxd8 24. Nd6 Bxd6 25. exd6 f6 26. Qd4 Kf8 27. Qc5 Qd7 28. b4 Ke8 29. Qb6 Qc8 30. g3 Kd7 31. h4 Qc1+ 32. Kh2 Qc6 33. Qa7+ Kxd6 34. Qxh7 Qc2 1/2-1/2

[Event "V Floripa Chess Open 2019"]
[Site "Florianopolis/SC"]
[Date "2019.01.26"]
[Round "9.31"]
[White "Volkmann, Andre Jordi"]
[Black "Starke, Bruno Orlando"]
[Result "0-1"]
[WhiteElo "1955"]
[BlackElo "2170"]
[PlyCount "94"]
[EventDate "2019.01.21"]
[EventRounds "10"]
[EventCountry "BRA"]

1. f4 Nf6 2. Nf3 c5 3. g3 g6 4. Bg2 Bg7 5. O-O O-O 6. d3 d5 7. Nc3 Nc6 8. h3 b6 9. e4 Bb7 10. e5 Ne8 11. Qe2 Nc7 12. Bd2 f6 13. exf6 exf6 14. f5 Qd7 15. Bf4 Rae8 16. Qd2 Ne5 17. fxg6 hxg6 18. Bxe5 fxe5 19. Nh4 Kh7 20. Qg5 Qe6 21. Bf3 Bh6 22. Qg4 Qxg4 23. Bxg4 e4 24. dxe4 d4 25. Nd5 Nxd5 26. exd5 Bxd5 27. Nf3 Kg7 28. Kg2 Re3 29. a4 a5 30. Rae1 Bc6 31. Rxe3 Bxe3 32. Ra1 Be4 33. c3 Rd8 34. c4 Rf8 35. Rf1 Bd3 36. b3 Bxf1+ 37. Kxf1 Re8 38. Ne1 Bd2 39. Ng2 g5 40. Kf2 Kf6 41. Bf3 d3 42. h4 Ke5 43. Ne3 gxh4 44. gxh4 Kd4 45. Nd5 Be1+ 46. Kg2 Bxh4 47. Nxb6 Rb8 0-1

[Event "V Floripa Chess Open 2019"]
[Site "Florianopolis/SC"]
[Date "2019.01.26"]
[Round "9.32"]
[White "Filgueiras, Nathan Felipe"]
[Black "Stapenhorst, Matheus Frederico"]
[Result "1-0"]
[WhiteElo "2161"]
[BlackElo "1947"]
[PlyCount "105"]
[EventDate "2019.01.21"]
[EventRounds "10"]
[EventCountry "BRA"]

1. e4 c5 2. Nf3 d6 3. d4 cxd4 4. Nxd4 Nf6 5. Nc3 a6 6. h3 e6 7. g4 d5 8. exd5 Nxd5 9. Nde2 Nb4 10. Qxd8+ Kxd8 11. Bg5+ Be7 12. O-O-O+ Ke8 13. Bxe7 Kxe7 14. Bg2 Ra7 15. Rhe1 Rd8 16. Nd4 N4c6 17. Nd5+ Kf8 18. Nb6 Re8 19. f4 Nxd4 20. Rxd4 Nc6 21. Rd6 a5 22. f5 e5 23. Bxc6 bxc6 24. Nxc8 Rxc8 25. Rxe5 c5 26. Red5 Re7 27. Rd8+ Re8 28. Rxc8 Rxc8 29. Kd2 Ke7 30. Kc3 a4 31. Kc4 Rb8 32. b3 axb3 33. axb3 h5 34. Rxc5 hxg4 35. hxg4 Kd6 36. Rd5+ Kc7 37. b4 Ra8 38. Rc5+ Kb6 39. Re5 Ra1 40. Re4 Rg1 41. Rd4 Rg3 42. c3 Kc7 43. b5 g6 44. fxg6 fxg6 45. Kb4 Re3 46. c4 Re1 47. Kc5 Re6 48. Rd5 Rf6 49. Re5 Kb7 50. Kd5 Rf1 51. c5 Rd1+ 52. Ke6 Kc7 53. Kf6 1-0

[Event "V Floripa Chess Open 2019"]
[Site "Florianopolis/SC"]
[Date "2019.01.26"]
[Round "9.34"]
[White "Moura, Eduardo Eugenio Cha"]
[Black "Cordioli, Jairo Ribeiro"]
[Result "1/2-1/2"]
[WhiteElo "2134"]
[BlackElo "1872"]
[PlyCount "70"]
[EventDate "2019.01.21"]
[EventRounds "10"]
[EventCountry "BRA"]

1. e4 c5 2. d4 cxd4 3. c3 dxc3 4. Nxc3 e6 5. Nf3 Nc6 6. Bc4 a6 7. O-O b5 8. Bb3 Bb7 9. Re1 Bb4 10. Bd2 Nge7 11. a3 Ba5 12. e5 Bxc3 13. Bxc3 O-O 14. Qd2 a5 15. Ng5 b4 16. axb4 axb4 17. Bxb4 Rxa1 18. Rxa1 Nxe5 19. Bc2 N5g6 20. Bd6 Re8 21. b4 h6 22. Ne4 Nf5 23. Nc5 Bc6 24. Bxf5 exf5 25. Qd3 Qf6 26. Rb1 Be4 27. Nxe4 fxe4 28. Qd2 Re6 29. Bg3 h5 30. Qxd7 h4 31. Bc7 h3 32. Qd8+ Qxd8 33. Bxd8 Rd6 34. Bc7 Rd7 35. Bg3 f5 1/2-1/2

[Event "V Floripa Chess Open 2019"]
[Site "Florianopolis/SC"]
[Date "2019.01.26"]
[Round "9.36"]
[White "Osipi, Jair"]
[Black "Bitencourt, Evandro Jose Dos S"]
[Result "1-0"]
[WhiteElo "2126"]
[BlackElo "1812"]
[PlyCount "100"]
[EventDate "2019.01.21"]
[EventRounds "10"]
[EventCountry "BRA"]

1. Nf3 f5 2. g3 Nf6 3. c4 e6 4. Bg2 c6 5. b3 d5 6. Bb2 Bd6 7. O-O O-O 8. e3 Qe7 9. d4 Nbd7 10. Ne5 Ne4 11. Nd3 Ng5 12. Nd2 Nf7 13. a3 g5 14. f3 f4 15. Qe1 fxe3 16. Qxe3 Qf6 17. Rae1 Nb8 18. Bh3 Re8 19. f4 Bd7 20. Bg4 Qg6 21. Qe2 Na6 22. Bh5 Qg7 23. Nf3 gxf4 24. Bxf7+ Qxf7 25. Nfe5 Qe7 26. Rxf4 Rf8 27. Qg4+ Kh8 28. Rxf8+ Rxf8 29. Nxd7 Qxd7 30. Qxe6 Qxe6 31. Rxe6 Rd8 32. c5 Bf8 33. Ne5 Kg8 34. Nf3 Nc7 35. Re2 Ne8 36. Bc1 h6 37. Bf4 Nf6 38. Be5 Ne4 39. Nd2 Nxd2 40. Rxd2 Re8 41. Kf2 Bxc5 42. b4 Bf8 43. Kg2 Bg7 44. Re2 Bxe5 45. Rxe5 Rf8 46. g4 Rf7 47. Re6 Kg7 48. h4 Kh7 49. Rd6 a6 50. a4 Kg7 1-0

[Event "V Floripa Chess Open 2019"]
[Site "Florianopolis/SC"]
[Date "2019.01.26"]
[Round "9.37"]
[White "Kanzler, Karina Daniela Ferr"]
[Black "Fabrega, Enrique"]
[Result "0-1"]
[WhiteElo "1856"]
[BlackElo "2125"]
[PlyCount "89"]
[EventDate "2019.01.21"]
[EventRounds "10"]
[EventCountry "BRA"]

1. Nf3 Nf6 2. d4 g6 3. c4 c5 4. Nc3 Bg7 5. e4 cxd4 6. Nxd4 d6 7. f3 Nc6 8. Nxc6 bxc6 9. Be3 Rb8 10. Qd2 Qa5 11. Rc1 O-O 12. Be2 Rd8 13. O-O d5 14. cxd5 cxd5 15. e5 Ne8 16. Bd4 Nc7 17. a3 Ne6 18. b4 Qc7 19. Na4 Qb7 20. Nc5 Nxc5 21. Rxc5 Bd7 22. Ra5 Ra8 23. Ba6 Qb8 24. f4 Bc8 25. Bxc8 Qxc8 26. Bxa7 d4 27. Bxd4 Rxa5 28. bxa5 Qc4 29. Rd1 f6 30. Qe3 fxe5 31. fxe5 Rd5 32. a6 Qxa6 33. Qb3 Qb5 34. Qa2 e6 35. Rb1 Qd3 36. Bf2 Bxe5 37. Rc1 Bd4 38. Rf1 Bf6 39. Bc5 Kg7 40. Bf8+ Kf7 41. Bb4 g5 42. Qa1 Rf5 43. Rxf5 exf5 44. Qc1 f4 45. Bd2 0-1

[Event "V Floripa Chess Open 2019"]
[Site "Florianopolis/SC"]
[Date "2019.01.26"]
[Round "9.42"]
[White "Gauche, Charles"]
[Black "Maiberg, Wellington Gubiani"]
[Result "1-0"]
[WhiteElo "2241"]
[BlackElo "1935"]
[PlyCount "115"]
[EventDate "2019.01.21"]
[EventRounds "10"]
[EventCountry "BRA"]

1. e4 c5 2. Nf3 d6 3. d4 cxd4 4. Nxd4 Nf6 5. Nc3 a6 6. Bg5 Nbd7 7. f4 Qb6 8. Qd2 Qxb2 9. Rb1 Qa3 10. Be2 e6 11. O-O Be7 12. f5 Ne5 13. Kh1 Qa5 14. fxe6 fxe6 15. Bxf6 Bxf6 16. Nxe6 Bxe6 17. Qxd6 Bf7 18. Bb5+ axb5 19. Nxb5 Qxb5 20. Rxb5 Rd8 21. Qb4 Nc6 22. Qc5 Bd4 23. Qa3 Bc4 24. Rxb7 Bxf1 25. Qb3 Ne7 26. Qb4 O-O 27. Qxe7 Rde8 28. Qd6 Bc4 29. g3 Rxe4 30. Rb1 Bxa2 31. Rb8 Re1+ 32. Kg2 Rxb8 33. Qxb8+ Kf7 34. c4 Re7 35. Qc8 Bb1 36. h4 Be4+ 37. Kh3 g6 38. Qd8 Be5 39. c5 Bc6 40. Qb6 Rc7 41. Qb3+ Kf6 42. Kh2 Kf5 43. Kh3 Ke4 44. Qc4+ Bd4 45. Qe6+ Kd3 46. Qd6 Bd7+ 47. g4 Ra7 48. c6 Bc8 49. c7 Ke4 50. Qc6+ Kf4 51. Qd6+ Ke4 52. Qc6+ Kf4 53. Qd6+ Ke4 54. Qe7+ Be5 55. Qb4+ Bd4 56. Qe7+ Kd5 57. Qd8+ Ke4 58. Qxc8 1-0

[Event "V Floripa Chess Open 2019"]
[Site "Florianopolis/SC"]
[Date "2019.01.26"]
[Round "9.43"]
[White "Muniz, Rafael"]
[Black "Peixoto, Rudson Marinho"]
[Result "1-0"]
[WhiteElo "2236"]
[BlackElo "1931"]
[PlyCount "78"]
[EventDate "2019.01.21"]
[EventRounds "10"]
[EventCountry "BRA"]

1. e4 c5 2. Nf3 e6 3. d4 cxd4 4. Nxd4 Nf6 5. Nc3 a6 6. e5 Ng8 7. Bd3 d5 8. f4 Qb6 9. Nb3 Bb4 10. a3 Bxc3+ 11. bxc3 h5 12. Qe2 Qc7 13. Bd2 b6 14. O-O Ne7 15. Nd4 g6 16. Kh1 Nbc6 17. Rab1 h4 18. Rf3 Na5 19. Rh3 Nc4 20. Be1 Nxa3 21. Ra1 Nc4 22. Bxh4 Bb7 23. Qe1 O-O-O 24. Rf3 Rdg8 25. Bf6 Rh7 26. Rf1 Nf5 27. Rf3 b5 28. g4 Nxd4 29. cxd4 Qb6 30. Qf2 Kb8 31. f5 Nb2 32. Bf1 gxf5 33. gxf5 Rg4 34. c3 Nc4 35. Bd3 Re4 36. Rg3 Ka7 37. Be7 Qc7 38. Bc5+ Kb8 39. Rg8+ Bc8 1-0

[Event "V Floripa Chess Open 2019"]
[Site "Florianopolis/SC"]
[Date "2019.01.26"]
[Round "9.44"]
[White "Nery Junior, Jose Antonio"]
[Black "Federzoni, Enzo"]
[Result "1/2-1/2"]
[WhiteElo "2188"]
[BlackElo "1930"]
[PlyCount "125"]
[EventDate "2019.01.21"]
[EventRounds "10"]
[EventCountry "BRA"]

1. e4 c5 2. Nf3 d6 3. d4 cxd4 4. Nxd4 Nf6 5. Nc3 a6 6. Bg5 e6 7. Qd2 h6 8. Be3 Ng4 9. O-O-O Be7 10. Kb1 Nxe3 11. Qxe3 b5 12. f4 b4 13. Nce2 Bb7 14. g4 g5 15. f5 e5 16. f6 exd4 17. fxe7 dxe3 18. exd8=Q+ Kxd8 19. Bg2 Kc7 20. Rhf1 Rf8 21. Rf6 Nc6 22. Rxh6 Rad8 23. Ng3 Rh8 24. Rxh8 Rxh8 25. h3 Ne5 26. Nf5 e2 27. Re1 Ng6 28. Rxe2 Nf4 29. Rf2 Nxg2 30. Rxg2 Bxe4 31. Rg3 Bxf5 32. gxf5 f6 33. Kc1 Rh4 34. Rf3 d5 35. Kd2 Kd6 36. a3 a5 37. axb4 axb4 38. c3 b3 39. Re3 Re4 40. Rxe4 dxe4 41. Ke3 Ke5 42. c4 Kxf5 43. c5 Ke6 44. Kxe4 f5+ 45. Kd4 Kd7 46. Kd5 f4 47. Kc4 Kc6 48. Kd4 Kc7 49. Ke4 Kd7 50. Kd3 Kc7 51. Ke4 Kb7 52. Kd4 Ka7 53. Ke4 Ka6 54. Kd4 Kb5 55. Kd5 f3 56. c6 f2 57. c7 f1=Q 58. c8=Q Qf2 59. Kd6 Qd2+ 60. Ke7 Qxb2 61. Qd7+ Kc4 62. Qe6+ Kd3 63. Qf5+ 1/2-1/2

[Event "V Floripa Chess Open 2019"]
[Site "Florianopolis/SC"]
[Date "2019.01.26"]
[Round "9.46"]
[White "Japiassu, Ricardo De Villa No"]
[Black "Awoki, Daniel Teidi"]
[Result "0-1"]
[WhiteElo "1956"]
[BlackElo "2143"]
[PlyCount "154"]
[EventDate "2019.01.21"]
[EventRounds "10"]
[EventCountry "BRA"]

1. c4 e5 2. g3 Nf6 3. Bg2 d5 4. cxd5 Nxd5 5. Nf3 Nc6 6. O-O Be7 7. d4 exd4 8. Nxd4 Nxd4 9. Qxd4 Nb4 10. Qxd8+ Bxd8 11. Nc3 O-O 12. Bf4 g5 13. Bd2 Be7 14. Rac1 c6 15. a3 Na6 16. Ne4 h6 17. Bc3 f5 18. Nd2 Be6 19. Nf3 Rad8 20. Ne5 Kh7 21. b4 Nc7 22. Rfd1 Bd5 23. Bxd5 Nxd5 24. Bd4 Bf6 25. Nf3 Rfe8 26. Bxf6 Nxf6 27. e3 a6 28. Nd4 Rd5 29. Nb3 Rxd1+ 30. Rxd1 Kg6 31. Nc5 Re7 32. Rd6 Kf7 33. Kf1 h5 34. Ke2 f4 35. gxf4 gxf4 36. Kf3 fxe3 37. fxe3 Ng4 38. e4 Nxh2+ 39. Kf4 Ng4 40. Nxb7 Rxb7 41. Rxc6 Ra7 42. a4 Nf2 43. Rb6 h4 44. Kf3 Nd3 45. Kg4 h3 46. Kxh3 Nf2+ 47. Kg3 Nxe4+ 48. Kf4 Nc3 49. Ke5 Nxa4 50. Rh6 Kg7 51. Rc6 Nb2 52. Kd6 Ra8 53. Kc7 Nd3 54. Kb7 Rf8 55. Rb6 Rf4 56. Kxa6 Nxb4+ 57. Kb5 Nd5 58. Rd6 Nc3+ 59. Kb6 Rf5 60. Kc6 Kf7 61. Rd3 Ne4 62. Rd1 Ke6 63. Rd8 Rc5+ 64. Kb6 Rc1 65. Rd3 Nd6 66. Rh3 Nf7 67. Rd3 Ne5 68. Rh3 Kd5 69. Rh2 Nd7+ 70. Kb5 Rb1+ 71. Ka5 Ne5 72. Rh5 Kd4 73. Rh4+ Kc5 74. Ka4 Nc6 75. Rg4 Nd4 76. Ka3 Kc4 77. Rg8 Nb5+ 0-1

[Event "V Floripa Chess Open 2019"]
[Site "Florianopolis/SC"]
[Date "2019.01.26"]
[Round "9.47"]
[White "Guimaraes, Artemis Pamela"]
[Black "Souza, Rafael Cabral De"]
[Result "1-0"]
[WhiteElo "1938"]
[BlackElo "2142"]
[PlyCount "70"]
[EventDate "2019.01.21"]
[EventRounds "10"]
[EventCountry "BRA"]

1. e4 g6 2. d4 d6 3. Nf3 Bg7 4. Nc3 a6 5. a4 a5 6. Bc4 Nf6 7. Qe2 Nc6 8. e5 dxe5 9. dxe5 Ng4 10. e6 Bxe6 11. Bxe6 fxe6 12. O-O Qd6 13. Nb5 Qd7 14. Rd1 Qc8 15. Ng5 h5 16. Qxe6 Qxe6 17. Nxc7+ Kf8 18. Ngxe6+ Kf7 19. Ng5+ Kf6 20. Nxa8 Rxa8 21. h3 Nh6 22. Ne4+ Kf7 23. Bxh6 Bxh6 24. Rd7 b6 25. Rb7 Nb4 26. c3 Nd5 27. c4 Nf4 28. Rxb6 Rd8 29. Re1 Rd4 30. Rb7 Kf8 31. Nc3 Bg5 32. Re4 Rd2 33. h4 Bh6 34. Rexe7 Rc2 35. Rh7 Kg8 1-0

[Event "V Floripa Chess Open 2019"]
[Site "Florianopolis/SC"]
[Date "2019.01.26"]
[Round "9.48"]
[White "Lopes Fo, Jorge Antonio Ferre"]
[Black "Moro, Antonio Renato Pere"]
[Result "1-0"]
[WhiteElo "2122"]
[BlackElo "1923"]
[PlyCount "53"]
[EventDate "2019.01.21"]
[EventRounds "10"]
[EventCountry "BRA"]

1. d4 Nf6 2. c4 e6 3. g3 d5 4. Bg2 Be7 5. Nf3 O-O 6. O-O dxc4 7. Qa4 c5 8. dxc5 Na6 9. Qxc4 Nxc5 10. Nc3 Ncd7 11. e4 Qa5 12. a3 b6 13. b4 Ba6 14. Qb3 Qh5 15. Re1 Bb7 16. h3 Qg6 17. Nh4 Qh5 18. Bf3 Nc5 19. bxc5 Qxc5 20. Be3 Qc8 21. Rac1 Nd7 22. Nd5 Qd8 23. Nxe7+ Qxe7 24. Rc7 Rab8 25. Rd1 Rfd8 26. Qa4 b5 27. Qxa7 1-0

[Event "V Floripa Chess Open 2019"]
[Site "Florianopolis/SC"]
[Date "2019.01.26"]
[Round "9.49"]
[White "Souza Neves, Andrey M."]
[Black "Ferrero, Carlos Federico"]
[Result "1-0"]
[WhiteElo "2086"]
[BlackElo "1916"]
[PlyCount "51"]
[EventDate "2019.01.21"]
[EventRounds "10"]
[EventCountry "BRA"]

1. d4 Nf6 2. c4 e6 3. Nc3 d5 4. cxd5 exd5 5. Bg5 Nbd7 6. e3 c6 7. Bd3 Be7 8. Qc2 O-O 9. Nf3 Re8 10. O-O h6 11. Bf4 Nh5 12. Nxd5 Nxf4 13. Nxf4 Bd6 14. Rfe1 Bxf4 15. exf4 Rxe1+ 16. Rxe1 Nb6 17. f5 Bd7 18. g4 Qf6 19. h4 Re8 20. Re5 Qd6 21. Qe2 Kf8 22. g5 f6 23. Rxe8+ Bxe8 24. gxh6 gxh6 25. Qe3 Kg7 26. Qxe8 1-0